| 000 | 01284nam a2200325Ia 4500 | ||
|---|---|---|---|
| 001 | ebr10226745 | ||
| 003 | CaPaEBR | ||
| 006 | m u | ||
| 007 | cr cn||||||||| | ||
| 008 | 080125s2008 njua sb 001 0 eng d | ||
| 010 | _z 2008003749 | ||
| 020 | _z9780470248461 (cloth) | ||
| 020 | _z9780470249048 | ||
| 020 | _z0470248467 (cloth) | ||
| 040 |
_aCaPaEBR _cCaPaEBR |
||
| 035 | _a(OCoLC)608622444 | ||
| 050 | 1 | 4 |
_aRA1238 _b.P74 2008eb |
| 245 | 0 | 0 |
_aPreclinical development handbook. _pToxicology _h[electronic resource] / _c[edited by] Shayne Cox Gad. |
| 246 | 3 | 0 | _aToxicology |
| 260 |
_aHoboken, NJ : _bWiley-Interscience, _cc2008. |
||
| 300 |
_axiii, 1059 p. : _bill. |
||
| 504 | _aIncludes bibliographical references and index. | ||
| 533 |
_aElectronic reproduction. _bPalo Alto, Calif. : _cebrary, _d2013. _nAvailable via World Wide Web. _nAccess may be limited to ebrary affiliated libraries. |
||
| 650 | 0 |
_aDrugs _xToxicology _vHandbooks, manuals, etc. |
|
| 650 | 0 |
_aDrugs _xToxicity testing _vHandbooks, manuals, etc. |
|
| 655 | 7 |
_aElectronic books. _2local |
|
| 700 | 1 |
_aGad, Shayne C., _d1948- |
|
| 710 | 2 | _aebrary, Inc. | |
| 856 | 4 | 0 |
_uhttp://site.ebrary.com/lib/rucke/Doc?id=10226745 _zAn electronic book accessible through the World Wide Web; click to view |
| 999 |
_c41762 _d41762 |
||